Pädagogische Modelle für Kinder mit Verhaltensstörungen
| Otros Autores: | ; |
|---|---|
| Tipo de documento: | Print Libro |
| Lenguaje: | Alemán |
| Publicado: |
München [u.a.]
E. Reinhardt
1979
|
| En: |
Behindertenhilfe durch Erziehung, Unterricht und Therapie (10)
Año: 1979 |
| Acceso en línea: |
Índice |
| Disponibilidad en Tübingen: | Disponible en Tübingen. IFK: N XIII 209 |
| Verificar disponibilidad: | HBZ Gateway |
| Servicio de pedido Subito: | Pedir ahora. |
| Palabras clave: |
MARC
| LEADER | 00000cam a2200000 c 4500 | ||
|---|---|---|---|
| 001 | 023776080 | ||
| 003 | DE-627 | ||
| 005 | 20260206194327.0 | ||
| 007 | tu | ||
| 008 | 710101s1979 gw ||||| 00| ||ger c | ||
| 015 | |a 79,N34,0234 |2 dnb | ||
| 015 | |a 79,A48,0532 |2 dnb | ||
| 016 | 7 | |a 790808900 |2 DE-101 | |
| 020 | |a 3497009032 |9 3-497-00903-2 | ||
| 035 | |a (DE-627)023776080 | ||
| 035 | |a (DE-603)005963516 | ||
| 035 | |a (DE-576)007659032 | ||
| 035 | |a (DE-599)GBV023776080 | ||
| 035 | |a (OCoLC)6092917 | ||
| 035 | |a (OCoLC)310481481 | ||
| 035 | |a (OCoLC)06092917 | ||
| 035 | |a (AT-OBV)AC01834465 | ||
| 035 | |a (DE-604)8010033335 | ||
| 040 | |a DE-627 |b ger |c DE-627 |e rakwb | ||
| 041 | |a ger | ||
| 044 | |c XA-DE |c XA-CH | ||
| 050 | 0 | |a LC4801 | |
| 082 | 0 | |a 371.94 |q OCLC | |
| 084 | |a PÄ 460 |2 sfb | ||
| 084 | |a PÄ 150 |2 sfb | ||
| 084 | |a PÄ 170 SCH |2 sfb | ||
| 084 | |a 10a |a 03b |2 sdnb | ||
| 084 | |a DT 7000 |2 rvk |0 (DE-625)rvk/20035:761 | ||
| 084 | |a DT 1330 |2 rvk |0 (DE-625)rvk/19983:761 | ||
| 245 | 0 | 0 | |a Pädagogische Modelle für Kinder mit Verhaltensstörungen |c Otto Speck (Hrsg.). Berichte aus dem Ausland von Jan-Erik Johansson ... |
| 264 | 1 | |a München [u.a.] |b E. Reinhardt |c 1979 | |
| 300 | |a 139 S. |b graph. Darst. |c 21 cm | ||
| 336 | |a Text |b txt |2 rdacontent | ||
| 337 | |a ohne Hilfsmittel zu benutzen |b n |2 rdamedia | ||
| 338 | |a Band |b nc |2 rdacarrier | ||
| 490 | 1 | |a Behindertenhilfe durch Erziehung, Unterricht und Therapie |v 10 | |
| 500 | |a Literaturangaben | ||
| 505 | 8 | |a Literaturangaben | |
| 505 | 8 | |a Literaturangaben | |
| 650 | 0 | |a Problem children |x Education | |
| 650 | 0 | |a Mentally ill children |x Education | |
| 650 | 0 | 7 | |0 (DE-588)4232601-1 |0 (DE-627)104923687 |0 (DE-576)210365226 |a Verhaltensgestörtenpädagogik |2 gnd |
| 650 | 0 | 7 | |0 (DE-588)4030550-8 |0 (DE-627)104360100 |0 (DE-576)208988165 |a Kind |2 gnd |
| 650 | 0 | 7 | |0 (DE-588)4120509-1 |0 (DE-627)104262591 |0 (DE-576)209535695 |a Internationaler Vergleich |2 gnd |
| 650 | 0 | 7 | |0 (DE-588)4062872-3 |0 (DE-627)106129902 |0 (DE-576)209146427 |a Verhaltensstörung |2 gnd |
| 650 | 4 | |a Verhaltensgestörtes Kind | |
| 650 | 4 | |a Sonderschulunterricht | |
| 650 | 4 | |a Heilpädagogik | |
| 651 | 4 | |a Vereinigte Staaten | |
| 651 | 4 | |a Schweden | |
| 655 | 7 | |a Aufsatzsammlung |0 (DE-588)4143413-4 |0 (DE-627)105605727 |0 (DE-576)209726091 |2 gnd-content | |
| 689 | 0 | 0 | |d s |0 (DE-588)4005279-5 |0 (DE-627)104540966 |0 (DE-576)20886007X |a Behinderter Mensch |2 gnd |
| 689 | 0 | 1 | |d s |0 (DE-588)4030550-8 |0 (DE-627)104360100 |0 (DE-576)208988165 |a Kind |2 gnd |
| 689 | 0 | 2 | |d s |0 (DE-588)4044302-4 |0 (DE-627)106206168 |0 (DE-576)209060174 |a Pädagogik |2 gnd |
| 689 | 0 | 3 | |d s |0 (DE-588)4062872-3 |0 (DE-627)106129902 |0 (DE-576)209146427 |a Verhaltensstörung |2 gnd |
| 689 | 0 | |5 DE-101 | |
| 689 | 1 | 0 | |d s |0 (DE-588)4030550-8 |0 (DE-627)104360100 |0 (DE-576)208988165 |a Kind |2 gnd |
| 689 | 1 | 1 | |d s |0 (DE-588)4062872-3 |0 (DE-627)106129902 |0 (DE-576)209146427 |a Verhaltensstörung |2 gnd |
| 689 | 1 | 2 | |d s |0 (DE-588)4120509-1 |0 (DE-627)104262591 |0 (DE-576)209535695 |a Internationaler Vergleich |2 gnd |
| 689 | 1 | 3 | |d s |0 (DE-588)4232601-1 |0 (DE-627)104923687 |0 (DE-576)210365226 |a Verhaltensgestörtenpädagogik |2 gnd |
| 689 | 1 | |5 DE-101 | |
| 689 | 2 | 0 | |d s |0 (DE-588)4030550-8 |0 (DE-627)104360100 |0 (DE-576)208988165 |a Kind |2 gnd |
| 689 | 2 | 1 | |d s |0 (DE-588)4062872-3 |0 (DE-627)106129902 |0 (DE-576)209146427 |a Verhaltensstörung |2 gnd |
| 689 | 2 | 2 | |d s |0 (DE-588)4232601-1 |0 (DE-627)104923687 |0 (DE-576)210365226 |a Verhaltensgestörtenpädagogik |2 gnd |
| 689 | 2 | 3 | |d s |0 (DE-588)4120509-1 |0 (DE-627)104262591 |0 (DE-576)209535695 |a Internationaler Vergleich |2 gnd |
| 689 | 2 | |5 (DE-627) | |
| 689 | 3 | 0 | |d s |0 (DE-588)4030550-8 |0 (DE-627)104360100 |0 (DE-576)208988165 |a Kind |2 gnd |
| 689 | 3 | 1 | |d s |0 (DE-588)4062872-3 |0 (DE-627)106129902 |0 (DE-576)209146427 |a Verhaltensstörung |2 gnd |
| 689 | 3 | 2 | |d s |0 (DE-588)4232601-1 |0 (DE-627)104923687 |0 (DE-576)210365226 |a Verhaltensgestörtenpädagogik |2 gnd |
| 689 | 3 | |5 (DE-627) | |
| 700 | 1 | |a Speck, Otto |d 1926-2023 |e Hrsg. |0 (DE-588)119330369 |0 (DE-627)080139272 |0 (DE-576)163136750 |4 edt | |
| 700 | 1 | |a Johansson, Jan-Erik |e Mitarb. |4 oth | |
| 830 | 0 | |a Behindertenhilfe durch Erziehung, Unterricht und Therapie |v 10 |9 10 |w (DE-627)130216860 |w (DE-576)006414141 |w (DE-600)536900-9 |x 0171-9718 |7 am | |
| 856 | 4 | 2 | |u http://d-nb.info/790808900/04 |m B:DE-101 |q pdf/application |v 20161127003401 |x Verlag |3 Inhaltsverzeichnis |7 1 |
| 889 | |w (DE-627)039759415 | ||
| 935 | |i Blocktest | ||
| 935 | |h HEB |i 0501 | ||
| 935 | |h HEB |i 0503 | ||
| 936 | r | v | |a DT 7000 |b Allgemeines und Deutschland |k Pädagogik |k Heilpädagogik, Sonderpädagogik |k Förderschwerpunkte |k Verhaltensstörung, Verhaltensauffälligkeit |k Allgemeines und Übergreifendes |k Allgemeines und Deutschland |0 (DE-627)1270711164 |0 (DE-625)rvk/20035:761 |0 (DE-576)200711164 |
| 936 | r | v | |a DT 1330 |b Allgemeines und Deutschland |k Pädagogik |k Heilpädagogik, Sonderpädagogik |k Verhaltenstherapie |k Allgemeines und Deutschland |0 (DE-627)1270808729 |0 (DE-625)rvk/19983:761 |0 (DE-576)200808729 |
| 936 | s | n | |a d100 |2 mzub |
| 951 | |a BO | ||
| ELC | |b 1 | ||
| LOK | |0 000 xxxxxcx a22 zn 4500 | ||
| LOK | |0 001 3149674905 | ||
| LOK | |0 003 DE-627 | ||
| LOK | |0 004 023776080 | ||
| LOK | |0 005 20141016112714 | ||
| LOK | |0 008 930222||||||||||||||||ger||||||| | ||
| LOK | |0 040 |a DE-21-110 |c DE-627 |d DE-21-110 | ||
| LOK | |0 689 |a s |a Verhaltensauffälligkeiten | ||
| LOK | |0 689 |a s |a Kinder | ||
| LOK | |0 852 |a DE-21-110 | ||
| LOK | |0 852 1 |c N XIII 209 |m p |9 00 | ||
| LOK | |0 935 |a k110 | ||
| LOK | |0 936ln |a 8.7.8 | ||
| LOK | |0 938 |k p | ||
| LOK | |0 939 |a 22-02-93 |b l01 | ||
| ORI | |a SA-MARC-krimdoka001.raw | ||
| SIG | |a IFK: N XIII 209 | ||
